• 首页
  • 本馆介绍
  • 公告通知
  • 最新文献
  • 馆藏检索
  • 电子资源
  • 读者导购
  • 参考咨询
  • 我的图书馆
  • 登录
  • 详细信息显示
  • 放入我的书架
  • 预约/预借图书
  • 作者相关作品
  • 分类相关作品
  • 丛书相关作品
  • 出版社相关作品

书目信息

  • 表格格式
  • 工作单格式
  • 卡片格式
题名:
故宫营造
    
 
作者: 单士元, 著
分册:  
出版信息: 北京   中华书局  2021.07
页数: 277页, [64] 页图版
开本: 21cm
丛书名:
单 册:
中图分类: K928.74
科图分类:
主题词: 故宫--gu gong--建筑艺术--北京
电子资源:
ISBN: 978-7-101-15135-0
000 00972nam0 2200253 450
001 CAL 012021085141
005 20230217093112.0
010    @a978-7-101-15135-0@dCNY36.00
099    @aCAL 012021085141
100    @a20210728d2021 em y0chiy0120 ea
101 0  @achi
102    @aCN@b110000
105    @aaf z 000yy
106    @ar
200 1  @a故宫营造@Agu gong ying zao@f单士元著
210    @a北京@c中华书局@d2021.07
215    @a277页, [64] 页图版@c彩图@d21cm
314    @a单士元, 著名古建筑学家、明清史学家、档案学家、前故宫副院长。
330    @a本书为单士元先生关于故宫建筑的学术随笔集, 涉及故宫建筑的历史及其保护。内容包括: 元宫毁于何时、明代营建北京的四个时期、腐败的营建制度 —— 明代政治缩影、明代北京皇城、故宫史话、清代改变明宫对称格局、正阳门、紫禁城七说等。
606 0  @a故宫@Agu gong@x建筑艺术@y北京
690    @aK928.74@v5
701  0 @a单士元,@Ashan shi yuan@f1907-1998@4著
801  0 @aCN@bBJXHZP@c20230228
905    @b1383767-70@dK928.74@e1240@f4
    
    故宫营造/单士元著.-北京:中华书局,2021.07
    277页, [64] 页图版:彩图;21cm
    
    
    ISBN 978-7-101-15135-0:CNY36.00
    本书为单士元先生关于故宫建筑的学术随笔集, 涉及故宫建筑的历史及其保护。内容包括: 元宫毁于何时、明代营建北京的四个时期、腐败的营建制度 —— 明代政治缩影、明代北京皇城、故宫史话、清代改变明宫对称格局、正阳门、紫禁城七说等。
●
相关链接 在E读中查询图书 在五车中查询图书 在当当中查询图书 在豆瓣中查询图书


正题名:故宫营造     索取号:K928.74/1240         预约/预借

序号 登录号 条形码 馆藏地/架位号 状态 备注
1 1383767   213837678   第二样本阅览室/ [索取号:K928.74/1240] 在馆    
2 1383768   213837687   第二借阅区/ [索取号:K928.74/1240] 在馆    
3 1383769   213837696   第二借阅区/ [索取号:K928.74/1240] 在馆    
4 1383770   213837703   第二借阅区/ [索取号:K928.74/1240] 在馆    
唐山师范学院图书馆 欢迎您!
大连网信软件有限公司© 版权所有